Stability of motion /
Guardado en:
| Autor Principal: | |
|---|---|
| Formato: | Libro |
| Idioma: | English Undetermined |
| Publicado: |
New York :
Academic Press,
1966.
|
| Series: | Mathematics in science and engineering ;
30 |
| Materias: | |
| Etiquetas: |
Agregar Etiqueta
Sin Etiquetas, Sea el primero en etiquetar este registro!
|
| LEADER | 00891cam a22002291a 4500 | ||
|---|---|---|---|
| 001 | MAT.inmabb005610 | ||
| 008 | 731212s1966####nyu######b####000#0#eng## | ||
| 005 | 20170824124744.0 | ||
| 245 | 1 | 0 | |a Stability of motion / |c [by] A. M. Liapunov. With a contribution by V. A. Pliss and an introd. by V. P. Basov. Translated by Flavian Abramovici and Michael Shimshoni. |
| 260 | |a New York : |b Academic Press, |c 1966. | ||
| 300 | |a xi, 203 p. ; |c 24 cm. | ||
| 440 | 0 | |a Mathematics in science and engineering ; |v 30 | |
| 500 | |a Includes 3 of the author's works on stability problems. | ||
| 504 | |a Incluye referencias bibliográficas. | ||
| 510 | 4 | |a MR, |c 34 #7903 | |
| 100 | 1 | |a Liapunov, A. M. |q (Aleksandr Mikhailovich), |d 1857-1918. | |
| 650 | 0 | |a Lyapunov functions. | |
| 084 | |a 34.51 |2 MR | ||
| 010 | |a 66026264 | ||
| 040 | |a DLC |c DLC |d DLC | ||
| 041 | 1 | |a eng |h und | |
| 859 | |h 34 |i L693s |p A-2853 |b BIB. MATEMATICA | ||
